| 000 | 01194nam a22003258i 4500 | ||
|---|---|---|---|
| 001 | 020145996 | ||
| 003 | EG-ScBUE | ||
| 005 | 20221107074328.0 | ||
| 008 | 210325t2022 nyua f b 001 0 eng d | ||
| 020 |
_a9781265028244 (pbk.) : _c£56.99 |
||
| 020 | _a1265028249 (pbk) | ||
| 040 |
_aStDuBDS _beng _erda _cStDuBDS _dEG-ScBUE |
||
| 082 | 0 | 4 |
_a658.4012 _222 _bCRA |
| 245 | 0 | 0 |
_aCrafting and executing strategy : _bthe quest for competitive advantage : concepts and cases / _cArthur A. Thompson, The University of Alabama [and three others] |
| 250 | _aTwenty-third edition. | ||
| 250 | _aInternational student edition. | ||
| 264 | 1 |
_aNew York : _bMcGraw-Hill, _c[2022] |
|
| 264 | 4 | _cc2022 | |
| 300 |
_a1 volume (various pagings) : _billustrations (some color) ; _c28 cm |
||
| 336 |
_atext _2rdacontent _btxt |
||
| 337 |
_aunmediated _2rdamedia _bn |
||
| 338 |
_avolume _2rdacarrier _bnc |
||
| 504 | _aIncludes bibliographical references and index. | ||
| 650 | 7 |
_aStrategic planning. _2BUEsh |
|
| 650 | 7 |
_aStrategic planning _vCase studies. _2BUEsh |
|
| 653 |
_bBUSADM _cNovember2022 |
||
| 655 |
_vReading book _934232 |
||
| 700 | 1 |
_aThompson, Arthur A., _d1940- _eauthor. |
|
| 942 |
_2ddc _cBB |
||
| 999 |
_c29946 _d29917 |
||